| 000 | 00941nam a2200289 i 4500 | ||
|---|---|---|---|
| 001 | 42571 | ||
| 003 | ES-MaACL | ||
| 005 | 20250830163124.0 | ||
| 007 | t| | ||
| 008 | 030407s2002 sp ||||1| spa d | ||
| 020 | _a84-8460-191-9 | ||
| 080 | _a577(035) | ||
| 080 | _a575.8(035) | ||
| 080 | _a573.5(035) | ||
| 100 | 1 |
_aMartínez, Ignacio. _977748 |
|
| 245 | 1 | 0 |
_aAmalur _b: del átomo a la mente / _cIgnacio Martínez, Juan Luis Arsuaga ; ilustraciones de Diego García-Bellido. |
| 250 | _a1ª ed. | ||
| 260 |
_aMadrid : _bTemas de Hoy, _c2002. |
||
| 300 |
_a373 p. : _bil. ; _c24 cm. |
||
| 650 | 7 |
_aVida (Biología) _2embne _9136981 |
|
| 650 | 4 |
_aEvolución- _vObras de divulgación. _912626 |
|
| 650 | 1 | 4 |
_aBiogénesis- _vObras de divulgación _910572 |
| 700 | 1 |
_aGarcía-Bellido, Diego. _954248 |
|
| 700 |
_aArsuaga, Juan Luis, _d1954- _9241757 |
||
| 852 |
_aES-MaACL _jL-26165 _bR.131907 |
||
| 999 |
_c42571 _d42571 |
||